コンテンツを見る
Inicio
Centros participantes
Catálogo
Servicios
Contacto
ログイン
English
Deutsch
Español
Français
Italiano
日本語
Nederlands
Português
Português (Brasil)
中文(简体)
中文(繁體)
Türkçe
עברית
Gaeilge
Cymraeg
Ελληνικά
Català
Euskara
Русский
Čeština
Suomi
Svenska
polski
Dansk
slovenščina
اللغة العربية
বাংলা
Galego
Tiếng Việt
Hrvatski
हिंदी
Հայերէն
Українська
Sámegiella
言語
全フィールド
タイトル
著者
主題
請求記号
ISBN/ISSN
タグ
検索
詳細検索
Inundaciones en Centroamérica
この資料を引用
この資料をメール
印刷
エクスポート
エクスポート先: RefWorks
エクスポート先: EndNoteWeb
エクスポート先: EndNote
お気に入りに追加
パーマネントリンク
最初の評価を行う
Inundaciones en Centroamérica
保存先:
書誌詳細
フォーマット:
テキスト
タグ:
タグ追加
タグなし, このレコードへの初めてのタグを付けませんか!
所蔵
その他の書誌記述
コメント
類似資料
MARC表示
MARC
LEADER
00000 a a2200000 04500
001
5140
003
040
245
|a
Inundaciones en Centroamérica
773
|g
volumen 44, número 612; páginas 920-926
999
|c
31018
|d
31018
類似資料
Inundación castálida (Edición facsímilar)
著者:: Cruz, Sor Juana Inés de la
出版事項: (2010)
Modelaje de flujo bidimensional en planicies de inundación
著者:: Salazar Boza, Federico
出版事項: (1997)
Análisis de inundaciones en la cuenca del Río Tempisque
著者:: Abarca Cubero, William
出版事項: (1996)
Análisis de inundaciones en la cuenca del Río Sierpe
著者:: Salas Corella, Walter
出版事項: (1991)
Definición de niveles de inundación en el Río Reventado
著者:: Baltodano Parra, José Alberto
出版事項: (1992)